|
|
|
|
| LEADER |
01141cam a2200253 a 4500 |
| 001 |
c000230047 |
| 003 |
CARM |
| 005 |
20070221121331.0 |
| 008 |
920822s1966 oncab 000 0 eng d |
| 019 |
1 |
|
|a 9196804
|5 LACONCORD2021
|
| 035 |
|
|
|a (OCoLC)35353738
|5 LACONCORD2021
|
| 040 |
|
|
|a VU
|b eng
|c VU
|d VCAV
|
| 245 |
0 |
0 |
|a Report of the Motor Vehicle Accident Study Group /
|c by W.F. Campbell ... [et al.] ; National Research Council of Canada, Motor Vehicle Accident Study Group.
|
| 260 |
|
|
|a Ottawa :
|b The Council,
|c 1966.
|
| 300 |
|
|
|a 23 p. :
|b ill., map ;
|c 28 cm.
|
| 490 |
1 |
|
|a Technical note ;
|v no. 7
|
| 500 |
|
|
|a Cover title.
|
| 650 |
|
0 |
|a Automobiles
|x Safety measures.
|
| 650 |
|
0 |
|a Traffic safety.
|
| 710 |
2 |
|
|a National Research Council of Canada.
|b Motor Vehicle Accident Study Group.
|
| 830 |
|
0 |
|a Technical note (National Research Council of Canada. Motor Vehicle Accident Study Group) ;
|v no. 7.
|
| 852 |
8 |
|
|b CARM
|h A1:AP05C0
|i F01462
|p 0352527
|f BK
|
| 999 |
f |
f |
|i 75b0e73c-228d-521a-8a1d-2014fa591719
|s 4c1ef715-f123-5a3d-82bf-aa21f032689f
|
| 952 |
f |
f |
|p Can circulate
|a CAVAL
|b CAVAL
|c CAVAL
|d CARM 1 Store
|e F01462
|f A1:AP05C0
|h Other scheme
|i book
|m 0352527
|